| 000 | 00757cab a2200229 4500 | ||
|---|---|---|---|
| 001 | WB3505-06 | ||
| 008 | 090401t1999 xxu||||| |||| 00| 0 eng d | ||
| 035 | _a(Sirsi) u91106 | ||
| 041 | _aeng | ||
| 245 | _aBull Ring facelift | ||
| 260 | _c1999 | ||
| 350 | _a0 | ||
| 490 |
_aBirmingham Post _v4 February 1999, 3(1) |
||
| 520 | _aWork on Birmingham`s Bull Ring markets £25m refurbishment has received the go-ahead. The scheme to renovate the market areas is the first part of a full refurbishment which is expected to exceed £400m. | ||
| 650 | _aBIRMINGHAM | ||
| 650 | _aBULL RING | ||
| 650 | _aINDOOR MARKETS | ||
| 650 |
_aRefurbishment _96264 |
||
| 690 | _aPROPERTY-COMMERCIAL PROPERTY-RETAIL PROPERTY | ||
| 942 | _n0 | ||
| 948 | _c04/02/1999 | ||
| 999 |
_c57812 _d57812 |
||